[Event "Weekend Accademia A Autunno"]
[Site "Roma ITA"]
[Date "2008.10.18"]
[Round "4"]
[White "Tosi, Francesco"]
[Black "Condemi De Felice, Alfonso"]
[Result "0-1"]
[WhiteElo "1867"]
[BlackElo "1823"]
[PlyCount "92"]
[EventDate "2008.10.17"]

1. d4 e6 2. c4 f5 3. g3 Nf6 4. Bg2 Be7 5. Nf3 O-O 6. O-O d5 7. b3 c6 8. Bb2 Qe8
9. Nbd2 Qh5 10. Ne5 Nbd7 11. Ndf3 g5 12. Nd3 Ng4 13. e3 Bd6 14. h3 Ngf6 15.
Nfe5 Qe8 16. Qc2 Ne4 17. Kh2 Qh5 18. Qd1 Qh6 19. f3 Nef6 20. Qe2 Kh8 21. Rh1
Qg7 22. g4 Ng8 23. Rae1 Ne7 24. Kg1 Ng6 25. Nxg6+ Qxg6 26. e4 Bg3 27. cxd5 cxd5
28. exf5 exf5 29. Ne5 Nxe5 30. dxe5 Bxe1 31. e6+ Kg8 32. e7 Re8 33. Qxe1 Qe6
34. Qc3 Rxe7 35. Qh8+ Kf7 36. Bd4 f4 37. Qxh7+ Ke8 38. Qh8+ Kd7 39. Bf1 b6 40.
Qh5 Ba6 41. Kg2 Rc8 42. Rg1 Rc2+ 43. Kh1 Bxf1 44. Rxf1 Qe2 45. Rf2 Qd1+ 46. Kg2
Rc1 0-1

[Event "Weekend Accademia A Autunno"]
[Site "Roma ITA"]
[Date "2008.10.18"]
[Round "4"]
[White "Vannelli, Vittorio"]
[Black "Caporale, Giuseppe Guido"]
[Result "1-0"]
[WhiteElo "1884"]
[BlackElo "1833"]
[PlyCount "130"]
[EventDate "2008.10.17"]

1. e4 c5 2. Nf3 d6 3. d4 cxd4 4. Nxd4 Nf6 5. Nc3 a6 6. Bc4 b5 7. Bb3 Bb7 8. Qf3
Nbd7 9. O-O Nc5 10. Re1 Nxb3 11. axb3 e6 12. Nf5 Rg8 13. Bg5 Be7 14. Nxe7 Qxe7
15. Qg3 O-O-O 16. Qe3 Qc7 17. b4 Qc6 18. Ra5 Kc7 19. f3 Ra8 20. Bf4 Nh5 21. Rd1
Rgd8 22. Kh1 Rd7 23. Bg5 Qb6 24. Qd2 d5 25. Be3 Qc6 26. Na4 Rc8 27. Nc5 Rdd8
28. e5 g6 29. Bd4 Ng7 30. Rda1 Ra8 31. g4 h5 32. Qf4 Nf5 33. gxf5 gxf5 34. Qh4
Rac8 35. R5a3 Kb8 36. Rc3 Ka8 37. Nxa6 Bxa6 38. Rxc6 Rxc6 39. c3 Kb8 40. Qe1
Kc8 41. Bf2 f6 42. Qe3 Bb7 43. Qd3 fxe5 44. Bc5 e4 45. fxe4 d4 46. Qxb5 Rg8 47.
Ra7 Rb6 48. Rxb7 Rxb5 49. Rxb5 d3 50. Be3 f4 51. Bxf4 Rg4 52. Rb8+ Kd7 53. Rb7+
Ke8 54. Bh6 Rxe4 55. Rg7 Re2 56. Rg2 Re5 57. Rd2 Rd5 58. Bg7 Kf7 59. Bd4 e5 60.
Rxd3 exd4 61. Rxd4 Re5 62. b3 h4 63. Rd2 Rg5 64. c4 Rg4 65. b5 Ke6 1-0

[Event "Weekend Accademia A Autunno"]
[Site "Roma ITA"]
[Date "2008.10.18"]
[Round "4"]
[White "Vignato, Giovanni"]
[Black "Pecorari, Marcello"]
[Result "1/2-1/2"]
[WhiteElo "2029"]
[BlackElo "2076"]
[PlyCount "98"]
[EventDate "2008.10.17"]

1. c4 c5 2. Nc3 Nc6 3. g3 Nf6 4. Bg2 g6 5. e4 d6 6. Nge2 Bg7 7. O-O O-O 8. d3
a6 9. a3 Rb8 10. Rb1 b5 11. cxb5 axb5 12. b4 cxb4 13. axb4 e5 14. h3 Be6 15.
Kh2 d5 16. Bg5 d4 17. Nd5 h6 18. Nxf6+ Bxf6 19. Bxh6 Re8 20. Bd2 Qd6 21. f4 Ra8
22. f5 gxf5 23. exf5 Bd5 24. Bxd5 Qxd5 25. Nc1 e4 26. Qg4+ Kf8 27. Bh6+ Ke7 28.
Bg5 e3 29. Bxf6+ Kxf6 30. Qh4+ Ke5 31. Qf4+ Kf6 32. Rb2 Ra1 33. Qh4+ Ke5 34.
Rc2 Nxb4 35. Rc8 Ra2+ 36. Nxa2 Qxa2+ 37. Kg1 Rxc8 38. Qe7+ Kd5 39. Qd7+ Ke5 40.
Qxc8 Nxd3 41. Qc7+ Ke4 42. Qe7+ Ne5 43. Rf4+ Kd5 44. Qb7+ Kc5 45. Qe7+ Kd5 46.
Qd8+ Kc6 47. Qc8+ Kd5 48. Qb7+ Kc5 49. Qe7+ Kd5 1/2-1/2

[Event "Weekend Accademia A Autunno"]
[Site "Roma ITA"]
[Date "2008.10.19"]
[Round "5"]
[White "Caporale, Giuseppe Guido"]
[Black "Bolla, Vittorio"]
[Result "0-1"]
[WhiteElo "1833"]
[BlackElo "1820"]
[PlyCount "41"]
[EventDate "2008.10.17"]

1. d4 Nf6 2. c4 c5 3. d5 e6 4. Nc3 exd5 5. cxd5 d6 6. e4 g6 7. f4 Bg7 8. Nf3
O-O 9. Bd3 a6 10. a4 Nbd7 11. O-O Re8 12. Re1 Qc7 13. Kh1 c4 14. Bf1 Nc5 15. e5
Ng4 16. exd6 Rxe1 17. Qxe1 Qxd6 18. h3 Nb3 19. hxg4 Nxa1 20. Bxc4 Bxg4 21. Ne4
{phone default} 0-1

[Event "Weekend Accademia A Autunno"]
[Site "Roma ITA"]
[Date "2008.10.19"]
[Round "5"]
[White "Condemi De Felice, Alfonso"]
[Black "Vannelli, Vittorio"]
[Result "1-0"]
[WhiteElo "1823"]
[BlackElo "1884"]
[PlyCount "91"]
[EventDate "2008.10.17"]

1. d4 d5 2. Nf3 e6 3. e3 Nf6 4. Bd3 c5 5. O-O c4 6. Be2 Nc6 7. b3 Bd7 8. bxc4
dxc4 9. Bxc4 Rc8 10. Bb3 Qc7 11. Nbd2 Bb4 12. Bb2 O-O 13. c3 Bd6 14. Nc4 Ne4
15. Nxd6 Qxd6 16. Nd2 Nf6 17. e4 Qf4 18. g3 Qh6 19. e5 Nd5 20. Ne4 Nce7 21. c4
Nb6 22. Bc1 Qg6 23. Nd6 Rc7 24. a4 Bc6 25. a5 Nd7 26. Bf4 f6 27. Bc2 f5 28. h3
Be4 29. Bb3 Nc8 30. Nb5 Rc6 31. f3 a6 32. Nc3 Ne7 33. fxe4 fxe4 34. Qg4 Nf5 35.
Qxg6 hxg6 36. Nxe4 Nxd4 37. Ba4 Rxc4 38. Bxd7 Ne2+ 39. Kg2 Rxe4 40. Bxe6+ Kh7
41. Bd5 Rb4 42. e6 Rb2 43. Rf2 g5 44. e7 Rxf4 45. gxf4 Nxf4+ 46. Kf1 1-0

[Event "Weekend Accademia A Autunno"]
[Site "Roma ITA"]
[Date "2008.10.19"]
[Round "5"]
[White "De Carolis, Massimo"]
[Black "Prudenzano, Ruggero"]
[Result "1/2-1/2"]
[WhiteElo "1973"]
[BlackElo "1925"]
[PlyCount "84"]
[EventDate "2008.10.17"]

1. e4 c5 2. Nf3 e6 3. d4 cxd4 4. Nxd4 a6 5. Nc3 Qc7 6. Be2 Nf6 7. O-O Nc6 8.
Nxc6 bxc6 9. Be3 e5 10. Kh1 d6 11. f4 exf4 12. Bxf4 Be7 13. Bf3 Be6 14. e5 dxe5
15. Bxe5 Qb7 16. Qe2 O-O 17. b3 Rad8 18. Rad1 Nd7 19. Bd6 Bxd6 20. Rxd6 Nb8 21.
Rfd1 Rxd6 22. Rxd6 Qb4 23. Rd3 c5 24. Bd5 Bxd5 25. Nxd5 Qa5 26. c4 Nc6 27. Re3
h6 28. h3 Nd4 29. Qf2 Nc6 30. Nf6+ Kh8 31. Nd7 Rd8 32. Qxf7 Qd2 33. Re8+ Rxe8
34. Qxe8+ Kh7 35. Nf8+ Kg8 36. Ng6+ Kh7 37. Qxc6 Qxa2 38. Nf8+ Kg8 39. Ne6 Qa1+
40. Kh2 Qe5+ 41. Kg1 Qe1+ 42. Kh2 Qe5+ 1/2-1/2

[Event "Weekend Accademia A Autunno"]
[Site "Roma ITA"]
[Date "2008.10.19"]
[Round "5"]
[White "De Leon Cultri Fascetti, Angelo"]
[Black "Aleksic, Nenad"]
[Result "0-1"]
[WhiteElo "2142"]
[BlackElo "2376"]
[PlyCount "96"]
[EventDate "2008.10.17"]

1. d4 Nf6 2. Bg5 b6 3. c4 e6 4. Nc3 Bb4 5. Qc2 Bb7 6. Nf3 Bxc3+ 7. Qxc3 d6 8.
e3 Nbd7 9. Be2 Qe7 10. O-O Ne4 11. Bxe7 Nxc3 12. bxc3 Kxe7 13. Nd2 c5 14. Bf3
Bxf3 15. Nxf3 Rhc8 16. Nd2 cxd4 17. cxd4 Nb8 18. Rfc1 Rc7 19. Rc2 Nc6 20. Nb3
Rac8 21. a3 Nb8 22. Rac1 d5 23. c5 Nd7 24. f4 Nf6 25. h3 Kd7 26. Kf1 Ne4 27.
Ke2 bxc5 28. dxc5 Rc6 29. Kd3 Ra6 30. Ra2 Ra4 31. c6+ Rxc6 32. Rxc6 Kxc6 33.
Nd4+ Kd7 34. Ne2 f6 35. Nd4 e5 36. fxe5 fxe5 37. Nc2 Nc5+ 38. Kd2 Ne4+ 39. Kd3
Rc4 40. Nb4 Rc3+ 41. Ke2 Kd6 42. Kf3 a5 43. Nc2 Nd2+ 44. Kf2 Nc4 45. Kf3 Kc5
46. Ke2 d4 47. exd4+ exd4 48. Ne1 Re3+ 0-1

[Event "Weekend Accademia A Autunno"]
[Site "Roma ITA"]
[Date "2008.10.19"]
[Round "5"]
[White "Di Lascio, Savino"]
[Black "Puliatti, Carlo"]
[Result "0-1"]
[WhiteElo "1953"]
[BlackElo "2111"]
[PlyCount "98"]
[EventDate "2008.10.17"]

1. e4 e5 2. g3 Nf6 3. Bg2 Bc5 4. Ne2 Nc6 5. O-O d6 6. h3 Be6 7. c3 Bb6 8. Na3
d5 9. d3 Qd7 10. Kh2 O-O-O 11. b4 dxe4 12. Bg5 Qxd3 13. Qe1 h6 14. Nc1 Qd7 15.
Bxf6 gxf6 16. Qxe4 f5 17. Qe1 e4 18. Nb3 h5 19. h4 Ne5 20. Nc2 Bc4 21. Ncd4
Bxf1 22. Bxf1 Bxd4 23. Nxd4 Qxd4 24. cxd4 Nf3+ 25. Kh1 Nxe1 26. Rxe1 Rxd4 27.
a3 Rd2 28. Bh3 Rxf2 29. Rxe4 Rg8 30. Re3 Rd8 31. Kg1 Rdd2 32. Re7 Rfe2 33. Rxf7
Rd1+ 34. Bf1 Re3 35. Kf2 Rxa3 36. Rxf5 Rd2+ 37. Be2 Raa2 38. Re5 Kd7 39. Ke1
Rxe2+ 40. Rxe2 Rxe2+ 41. Kxe2 Ke6 42. Kf3 Kf5 43. b5 a5 44. bxa6 bxa6 45. g4+
hxg4+ 46. Kg3 a5 47. h5 Kg5 48. h6 Kxh6 49. Kxg4 a4 0-1

[Event "Weekend Accademia A Autunno"]
[Site "Roma ITA"]
[Date "2008.10.19"]
[Round "5"]
[White "Gromovs, Sergejs"]
[Black "Testa, Adriano"]
[Result "1/2-1/2"]
[WhiteElo "2368"]
[BlackElo "2084"]
[PlyCount "29"]
[EventDate "2008.10.17"]

1. d4 d5 2. c4 e6 3. Nc3 Nf6 4. Nf3 Nbd7 5. Bg5 c6 6. e3 Qa5 7. Nd2 Bb4 8. Qc2
Ne4 9. Ndxe4 dxe4 10. Bh4 O-O 11. Be2 e5 12. O-O f5 13. a3 Bxc3 14. bxc3 Nf6
15. Bg3 1/2-1/2

[Event "Weekend Accademia A Autunno"]
[Site "Roma ITA"]
[Date "2008.10.19"]
[Round "5"]
[White "Luzi, Alessandro"]
[Black "Vignato, Giovanni"]
[Result "0-1"]
[WhiteElo "1912"]
[BlackElo "2029"]
[PlyCount "70"]
[EventDate "2008.10.17"]

1. e4 c6 2. d4 d5 3. Nc3 g6 4. exd5 cxd5 5. Nf3 Bg4 6. h3 Bxf3 7. Qxf3 Nf6 8.
Bb5+ Nc6 9. O-O Bg7 10. Be3 O-O 11. a3 a6 12. Ba4 e6 13. Ne2 b5 14. Bb3 Na5 15.
Ba2 Nc4 16. Rab1 Ne4 17. Bxc4 bxc4 18. b4 cxb3 19. cxb3 Qe7 20. b4 Rfc8 21.
Rfc1 a5 22. Ng3 Nxg3 23. Qxg3 Rxc1+ 24. Bxc1 axb4 25. Rxb4 Qa7 26. Bb2 h5 27.
Qb3 Bf8 28. Rb7 Qa5 29. Qf3 Qe1+ 30. Kh2 Bd6+ 31. g3 Rf8 32. Bc3 Qf1 33. Bd2 h4
34. Bh6 hxg3+ 35. fxg3 Qxf3 0-1

[Event "Weekend Accademia A Autunno"]
[Site "Roma ITA"]
[Date "2008.10.19"]
[Round "5"]
[White "Marzio, Mario"]
[Black "Maddaloni, Giovanni"]
[Result "0-1"]
[WhiteElo "1469"]
[BlackElo "1841"]
[PlyCount "47"]
[EventDate "2008.10.17"]

1. e4 Nf6 2. e5 Nd5 3. c4 Nb6 4. d4 d5 5. exd6 exd6 6. Bd3 Be7 7. Be3 O-O 8.
Qh5 g6 9. Qh6 Bf6 10. h4 Nc6 11. h5 Bg7 12. Qf4 Nb4 13. Kd2 Nxd3 14. Kxd3 Bf5+
15. Kc3 Qd7 16. Nd2 Qc6 17. b3 Nd5+ 18. Kb2 Nxf4 19. Ngf3 Nd3+ 20. Kc3 b5 21.
hxg6 Bxg6 22. Ng5 b4+ 23. Kc2 Nxf2+ 24. Kb2 0-1

[Event "Weekend Accademia A Autunno"]
[Site "Roma ITA"]
[Date "2008.10.19"]
[Round "5"]
[White "Mircoli, Gianluca"]
[Black "Pecorari, Marcello"]
[Result "1/2-1/2"]
[WhiteElo "1946"]
[BlackElo "2076"]
[PlyCount "117"]
[EventDate "2008.10.17"]

1. d4 c5 2. Nf3 cxd4 3. Qxd4 Nc6 4. Qd1 Nf6 5. Bg5 e6 6. Nbd2 Be7 7. c3 d5 8.
e3 O-O 9. Bd3 e5 10. Bb5 e4 11. Nd4 Ne5 12. O-O h6 13. Bf4 Ng6 14. Bg3 h5 15.
h3 Bd6 16. Bxd6 Qxd6 17. c4 Qe5 18. cxd5 Rd8 19. d6 Qg5 20. f4 exf3 21. Qxf3
Nh4 22. Qe2 Bxh3 23. N2f3 Qxg2+ 24. Qxg2 Nxg2 25. Kh2 Nxe3 26. Rfe1 Rxd6 27.
Kxh3 Nfg4 28. Re2 a6 29. Ba4 Rad8 30. Nc2 Nd5 31. Re8+ Rxe8 32. Bxe8 Ngf6 33.
Re1 Nf4+ 34. Kg3 Ne6 35. Ba4 Rd3 36. Re3 Nc5 37. Rxd3 Nxd3 38. b4 b5 39. Bb3
Nc1 40. Ncd4 Nxb3 41. Nxb3 Ne4+ 42. Kf4 Nc3 43. a3 Nb1 44. Nc5 Nxa3 45. Nd4 Nb1
46. Nxa6 Nc3 47. Nc7 Na2 48. Nd5 f6 49. Nxb5 Nxb4 50. Nxb4 Kf7 51. Nd5 Ke6 52.
Ne3 g5+ 53. Ke4 h4 54. Nd4+ Kd6 55. Kf5 Kc5 56. Ne6+ Kd6 57. Kxf6 h3 58. Ng4 h2
59. Nxh2 1/2-1/2

[Event "Weekend Accademia A Autunno"]
[Site "Roma ITA"]
[Date "2008.10.19"]
[Round "5"]
[White "Pelyushenko, Vladyslav"]
[Black "Carnicelli, Valerio"]
[Result "0-1"]
[WhiteElo "1880"]
[BlackElo "1705"]
[PlyCount "118"]
[EventDate "2008.10.17"]

1. d4 d5 2. c4 e6 3. Nc3 Nf6 4. Nf3 Be7 5. Bf4 Nbd7 6. e3 a6 7. Qc2 O-O 8. h3
b6 9. cxd5 exd5 10. Bd3 Bb7 11. O-O c5 12. b3 Re8 13. Rac1 Nf8 14. Ne5 Ne6 15.
dxc5 bxc5 16. Bh2 Rc8 17. Qe2 Nc7 18. Ng4 Nxg4 19. Qxg4 Bd6 20. Bxd6 Qxd6 21.
Rfd1 Qf6 22. Bf5 Rcd8 23. Na4 Re5 24. Nxc5 Rxf5 25. Nxb7 Rd7 26. Nc5 Rd8 27.
Nd3 Ne8 28. Qa4 Rg5 29. Rc6 Qf3 30. Nf4 Qxd1+ 31. Kh2 Qf1 32. Qa5 Rd7 33. Rc8
Re5 34. Qa4 Qb5 35. Qd4 Ree7 36. Nh5 f6 37. Qg4 Rd6 38. Qg3 Qd7 39. Ra8 f5 40.
Nf4 Qb7 41. Qg5 Rdd7 42. Rxe8+ Rxe8 43. Qxf5 Rf7 44. Qd3 Rxf4 45. exf4 Qf7 46.
g3 Qe6 47. a4 Kh8 48. f5 Qe2 49. Qd4 Qe5 50. Qd3 Qd6 51. Qd4 Qd7 52. f6 Rd8 53.
fxg7+ Qxg7 54. Qb6 Rf8 55. Kg2 Qf6 56. Qe3 d4 57. Qd2 Qf3+ 58. Kg1 Qc3 59. Qd1
d3 0-1

[Event "Weekend Accademia A Autunno"]
[Site "Roma ITA"]
[Date "2008.10.19"]
[Round "5"]
[White "Tosi, Francesco"]
[Black "Carotenuto, Piero"]
[Result "1-0"]
[WhiteElo "1867"]
[BlackElo "1744"]
[PlyCount "71"]
[EventDate "2008.10.17"]

1. Nf3 d5 2. d4 Nf6 3. c4 e6 4. g3 dxc4 5. Qa4+ Bd7 6. Qxc4 Bc6 7. Bg2 Be7 8.
O-O O-O 9. Nc3 Nbd7 10. a4 Nb6 11. Qd3 Bb4 12. a5 Nbd7 13. Bg5 h6 14. Bf4 a6
15. Rfc1 Bxc3 16. bxc3 Be4 17. Qd1 Nd5 18. Bd2 Qe7 19. Qb3 b6 20. c4 N5f6 21.
axb6 cxb6 22. Bb4 Qd8 23. Bxf8 Nxf8 24. e3 Qb8 25. Ne1 Bxg2 26. Nxg2 N8d7 27.
Rab1 Ne4 28. Qc2 Ndf6 29. c5 b5 30. c6 Qc7 31. f4 Nd6 32. Qc5 Nc4 33. Rxc4 Ne4
34. Qe5 Qxe5 35. fxe5 bxc4 36. c7 1-0

[Event "Weekend Accademia A Autunno"]
[Site "Roma ITA"]
[Date "2008.10.19"]
[Round "5"]
[White "Wollenweber, Carsten"]
[Black "Quimi, Marco"]
[Result "0-1"]
[WhiteElo "2151"]
[BlackElo "2239"]
[PlyCount "44"]
[EventDate "2008.10.17"]

1. e4 g6 2. d4 d6 3. Nc3 Bg7 4. f4 Nf6 5. Nf3 O-O 6. e5 dxe5 7. fxe5 Nd5 8. Bc4
c6 9. O-O Na6 10. Bb3 Nac7 11. Ne2 b5 12. a4 a6 13. Qe1 f6 14. Qh4 Be6 15. Bh6
Qd7 16. Rae1 g5 17. Bxg5 fxg5 18. Nxg5 h6 19. Ne4 Qe8 20. Nc5 Qg6 21. a5 Ne3
22. Nxe6 Qxg2# 0-1

[Event "XXIV European Club Cup"]
[Site "Kallithea GRE"]
[Date "2008.10.17"]
[Round "1.1"]
[White "Pilgaard, Kim"]
[Black "Macieja, Bartlomiej"]
[Result "0-1"]
[WhiteElo "2438"]
[BlackElo "2600"]
[PlyCount "98"]
[EventDate "2008.10.17"]

1. e4 c5 2. Nf3 Nc6 3. d4 cxd4 4. Nxd4 Qc7 5. Nc3 e6 6. f4 Nxd4 7. Qxd4 a6 8.
Be2 b5 9. Bf3 Bb7 10. Be3 Rc8 11. O-O h5 12. a3 Nf6 13. h3 h4 14. Rf2 Bc5 15.
Qd3 e5 16. Nd5 Bxd5 17. exd5 exf4 18. Bxc5 Qxc5 19. Re1+ Kf8 20. Qf5 Qd6 21.
Re5 Re8 22. Rfe2 Rxe5 23. Rxe5 g6 24. Qxf4 Kg7 25. Qd4 Rc8 26. Re2 Rc4 27. Qd3
Qc5+ 28. Kf1 Rd4 29. Qe3 Nxd5 30. Bxd5 Qxd5 31. Qe5+ Qxe5 32. Rxe5 Rd2 33. Rc5
Kf6 34. b3 Ke6 35. a4 Kd6 36. Rc8 bxa4 37. Ra8 axb3 38. Rxa6+ Ke5 39. cxb3 d5
40. Ra7 f6 41. Re7+ Kd6 42. Re8 Rb2 43. Rd8+ Ke5 44. Re8+ Kf4 45. Re6 Kf5 46.
Rb6 d4 47. b4 Ke5 48. b5 d3 49. Rb8 Rb1+ 0-1

[Event "XXIV European Club Cup"]
[Site "Kallithea GRE"]
[Date "2008.10.17"]
[Round "1.1"]
[White "Socko, Bartosz"]
[Black "Efimov, Igor"]
[Result "1-0"]
[WhiteElo "2631"]
[BlackElo "2442"]
[PlyCount "83"]
[EventDate "2008.10.17"]

1. e4 Nf6 2. e5 Nd5 3. d4 d6 4. Nf3 c6 5. c4 Nc7 6. Nc3 g6 7. Bf4 Bg4 8. exd6
exd6 9. Be2 Be7 10. Bh6 Nd7 11. O-O Bf8 12. Bf4 Be7 13. d5 c5 14. Ne4 Nf6 15.
Nxc5 dxc5 16. d6 Ne6 17. Be5 Bxd6 18. Bxd6 Ne4 19. Be5 O-O 20. Qc2 f5 21. h3
Bh5 22. g4 fxg4 23. hxg4 N4g5 24. Nh2 Nh3+ 25. Kg2 Qg5 26. Bg3 Nhf4+ 27. Bxf4
Nxf4+ 28. Kh1 Nxe2 29. Qxe2 Rae8 30. Qd1 Rd8 31. Qc1 Qh4 32. gxh5 Rf3 33. Qe1
Rh3 34. Qe6+ Kg7 35. Qe5+ Kh6 36. hxg6 Re8 37. Qd6 Rd8 38. gxh7+ Kxh7 39. Qc7+
Kh6 40. Rae1 Qf6 41. Re3 Rh4 42. Rg1 1-0

[Event "XXIV European Club Cup"]
[Site "Kallithea GRE"]
[Date "2008.10.17"]
[Round "1.2"]
[White "Bednarich, Jan"]
[Black "Borisek, Jure"]
[Result "0-1"]
[WhiteElo "2260"]
[BlackElo "2548"]
[PlyCount "58"]
[EventDate "2008.10.17"]

1. e4 e5 2. Bb5 c6 3. Ba4 Nf6 4. Qe2 Bc5 5. Nf3 O-O 6. O-O Re8 7. d3 h6 8. a3
d5 9. Nc3 Bg4 10. h3 Bh5 11. Bb3 Na6 12. Kh1 Bd4 13. g4 Bg6 14. exd5 Bxc3 15.
bxc3 e4 16. dxe4 Bxe4 17. dxc6 Nxg4 18. Rg1 Qf6 19. Rg3 Bxc6 20. Be3 Ne5 21.
Kg2 Nxf3 22. Rxf3 Nc5 23. Kg3 Qe5+ 24. Rf4 Nxb3 25. cxb3 g5 26. Qg4 f5 27. Qh5
gxf4+ 28. Bxf4 Qg7+ 29. Kh4 Re4 0-1

[Event "XXIV European Club Cup"]
[Site "Kallithea GRE"]
[Date "2008.10.17"]
[Round "1.2"]
[White "Brunello, Sabino"]
[Black "Carstensen, Jacob"]
[Result "1-0"]
[WhiteElo "2456"]
[BlackElo "2319"]
[PlyCount "47"]
[EventDate "2008.10.17"]

1. d4 d5 2. Nf3 Nf6 3. c4 dxc4 4. e3 e6 5. Bxc4 c5 6. O-O a6 7. a4 Nc6 8. Nc3
cxd4 9. exd4 Nd5 10. Ne4 Be7 11. Qe2 O-O 12. Rd1 Ncb4 13. Ne5 Bd7 14. Ra3 Be8
15. Rg3 f6 16. Qg4 g6 17. Qxe6+ Kh8 18. Bxd5 Nxd5 19. Bh6 Nc7 20. Qb3 fxe5 21.
dxe5 Qb8 22. Bxf8 Bxf8 23. Nf6 Bg7 24. Qg8# 1-0

[Event "XXIV European Club Cup"]
[Site "Kallithea GRE"]
[Date "2008.10.17"]
[Round "1.3"]
[White "Yssing, Klaus"]
[Black "Garcia Palermo, Carlos Horacio"]
[Result "0-1"]
[WhiteElo "2125"]
[BlackElo "2459"]
[PlyCount "90"]
[EventDate "2008.10.17"]

1. e4 c6 2. d4 d5 3. f3 dxe4 4. fxe4 e5 5. Nf3 Be6 6. Be3 exd4 7. Qxd4 Qxd4 8.
Nxd4 Nd7 9. Nxe6 fxe6 10. Bc4 Bc5 11. Bxc5 Nxc5 12. Nd2 Ke7 13. O-O a5 14. Nb3
Nxb3 15. axb3 Nf6 16. Bd3 Nd7 17. h3 Ne5 18. Kf2 Nxd3+ 19. cxd3 Ra6 20. Kf3 Rb6
21. Rxa5 Rxb3 22. Rf2 Rd8 23. Rd2 h6 24. Ra1 e5 25. Ra3 Rb5 26. Rf2 Rd4 27. Rc2
Rdb4 28. Ra2 Rb3 29. g3 R5b4 30. Rf2 Rd4 31. Rd2 h5 32. Ra5 Kd6 33. Ra8 c5 34.
Ke2 c4 35. Rd8+ Ke6 36. Rxd4 exd4 37. dxc4 Ke5 38. Rd3 Rxb2+ 39. Kf3 Rc2 40.
Rd1 Rc3+ 41. Kf2 Kxe4 42. Re1+ Re3 43. Rb1 Rf3+ 44. Kg2 Rf5 45. Rb5 d3 0-1

[Event "XXIV European Club Cup"]
[Site "Kallithea GRE"]
[Date "2008.10.17"]
[Round "1.5"]
[White "Christensen, Esben"]
[Black "Ortega, Lexy"]
[Result "0-1"]
[WhiteElo "2038"]
[BlackElo "2442"]
[PlyCount "50"]
[EventDate "2008.10.17"]

1. e4 c5 2. Nf3 e6 3. d4 cxd4 4. Nxd4 a6 5. Bd3 Bc5 6. Nb3 Ba7 7. Nc3 Nc6 8.
O-O Nf6 9. Kh1 d6 10. f4 h5 11. f5 Ng4 12. Qe1 Nce5 13. Bf4 Bd7 14. Nd2 Nxd3
15. cxd3 e5 16. Nc4 exf4 17. Nxd6+ Kf8 18. e5 Qe7 19. Nxf7 Qxf7 20. e6 Qxf5 21.
exd7 Rd8 22. Ne4 Rxd7 23. Qb4+ Kg8 24. h4 Ne3 25. Rf3 Qg4 0-1

[Event "XXIV European Club Cup"]
[Site "Kallithea GRE"]
[Date "2008.10.18"]
[Round "2.1"]
[White "Efimov, Igor"]
[Black "Georgiev, Krum I."]
[Result "1/2-1/2"]
[WhiteElo "2442"]
[BlackElo "2453"]
[PlyCount "20"]
[EventDate "2008.10.17"]

1. d4 Nf6 2. c4 g6 3. Nc3 Bg7 4. Nf3 O-O 5. g3 d6 6. Bg2 c6 7. O-O a6 8. a3 b5
9. Nd2 bxc4 10. Nxc4 a5 1/2-1/2

[Event "XXIV European Club Cup"]
[Site "Kallithea GRE"]
[Date "2008.10.18"]
[Round "2.1"]
[White "Godena, Michele"]
[Black "Zvjaginsev, Vadim"]
[Result "1/2-1/2"]
[WhiteElo "2517"]
[BlackElo "2646"]
[PlyCount "89"]
[EventDate "2008.10.17"]

1. e4 Nf6 2. e5 Nd5 3. d4 d6 4. Nf3 Bg4 5. Be2 Nc6 6. O-O g6 7. exd6 Qxd6 8.
Na3 Bg7 9. Nb5 Qd7 10. c4 Nb6 11. d5 Bxf3 12. gxf3 Nb4 13. Qb3 Na6 14. Be3 O-O
15. Rfd1 Rfd8 16. a4 Qh3 17. Bf1 Qh5 18. f4 Nd7 19. Bxa7 c6 20. dxc6 bxc6 21.
Bg2 Rac8 22. Nd4 Ndc5 23. Qe3 e5 24. fxe5 Bxe5 25. Qh3 Qxh3 26. Bxh3 Rc7 27.
Nf3 Rxd1+ 28. Rxd1 Bxh2+ 29. Kxh2 Rxa7 30. Ne5 Rb7 31. Rd2 Nb4 32. Bg2 Nxa4 33.
Nxc6 Kg7 34. Ne5 Rc7 35. b3 Nc5 36. Rd6 Re7 37. Rb6 Nc2 38. Nf3 Ne4 39. c5 Nxf2
40. c6 Ng4+ 41. Kg3 Nf6 42. Rb7 Ne3 43. Rxe7 Nf5+ 44. Kf4 Nxe7 45. Nd4 1/2-1/2

[Event "XXIV European Club Cup"]
[Site "Kallithea GRE"]
[Date "2008.10.18"]
[Round "2.1"]
[White "Macieja, Bartlomiej"]
[Black "Postny, Evgeny"]
[Result "1/2-1/2"]
[WhiteElo "2600"]
[BlackElo "2674"]
[PlyCount "119"]
[EventDate "2008.10.17"]

1. e4 c6 2. d4 d5 3. e5 Bf5 4. Nf3 e6 5. Be2 c5 6. Be3 cxd4 7. Nxd4 Ne7 8. c4
Nbc6 9. Qa4 a6 10. Nc3 dxc4 11. O-O-O Qc8 12. Nxf5 Nxf5 13. Bb6 Bb4 14. Bf3
Nfe7 15. Bxc6+ Nxc6 16. Ne4 O-O 17. f4 Be7 18. Nd6 Bxd6 19. exd6 Qd7 20. Qxc4
Rfc8 21. Kb1 Ne5 22. Qe2 Ng6 23. Qd2 Rc6 24. Bc7 h6 25. Rhe1 Rc8 26. g3 Nf8 27.
g4 Rc5 28. Qb4 Qc6 29. Qb6 Qxb6 30. Bxb6 Rb5 31. Bc7 Nd7 32. Rd4 Re8 33. b4 Kf8
34. a4 Rd5 35. Rc4 f5 36. g5 hxg5 37. fxg5 Kf7 38. h4 e5 39. h5 Rh8 40. Rh4 Rd3
41. Rg1 Ke6 42. Kc2 e4 43. h6 g6 44. h7 Ne5 45. Rh6 Kd7 46. b5 axb5 47. axb5
Rd5 48. Ba5 Rxb5 49. Bc3 Rc5 50. Kb3 Rb5+ 51. Kc2 Rc5 52. Kb3 f4 53. Rgh1 e3
54. Bxe5 Rxe5 55. Rxg6 e2 56. Rg8 Rxh7 57. Rxh7+ Kxd6 58. Rd8+ Kc6 59. Rh1 e1=Q
60. Rxe1 1/2-1/2

[Event "XXIV European Club Cup"]
[Site "Kallithea GRE"]
[Date "2008.10.18"]
[Round "2.2"]
[White "Bednarich, Jan"]
[Black "Bae, Torstein"]
[Result "1/2-1/2"]
[WhiteElo "2260"]
[BlackElo "2404"]
[PlyCount "94"]
[EventDate "2008.10.17"]

1. e4 c5 2. Nf3 d6 3. Bb5+ Nd7 4. d4 Ngf6 5. Nc3 cxd4 6. Qxd4 e6 7. Bg5 Be7 8.
Bxf6 gxf6 9. O-O-O a6 10. Bxd7+ Bxd7 11. Rd3 Qc7 12. Rhd1 Rc8 13. e5 fxe5 14.
Nxe5 Qc5 15. Qxc5 Rxc5 16. Nxd7 Kxd7 17. Ne4 Rc6 18. f4 Rg8 19. g3 d5 20. Nd2
Rgc8 21. c3 Bf6 22. Kb1 Ke7 23. Re1 b5 24. Rxd5 Bg7 25. Rd3 h5 26. Re4 R8c7 27.
Rd5 Rc5 28. Rxc5 Rxc5 29. Kc2 f5 30. Re1 Rc8 31. a3 h4 32. Nf3 hxg3 33. hxg3
Bf6 34. Rh1 Rg8 35. Rh3 Kd6 36. Kd3 Kd5 37. Ng1 a5 38. Ne2 a4 39. Rh6 Bh8 40.
Rh7 Rd8 41. Rh5 Kc5+ 42. Kc2 Kd5 43. Rh6 Rg8 44. Kd3 Kd6 45. Rh7 Kd5 46. Rd7+
Kc6 47. Rf7 Kd6 1/2-1/2

[Event "XXIV European Club Cup"]
[Site "Kallithea GRE"]
[Date "2008.10.18"]
[Round "2.2"]
[White "Vitiugov, Nikita"]
[Black "Bellini, Fabio"]
[Result "1-0"]
[WhiteElo "2638"]
[BlackElo "2489"]
[PlyCount "77"]
[EventDate "2008.10.17"]

1. d4 d6 2. c4 e5 3. Nf3 Nd7 4. Nc3 g6 5. e4 Bg7 6. Be2 c6 7. O-O Nh6 8. d5 c5
9. Ne1 Nf8 10. f4 f6 11. Nf3 exf4 12. Bxf4 g5 13. Bg3 Ng6 14. Qa4+ Bd7 15. Qa3
Nf7 16. b4 b6 17. bxc5 dxc5 18. Nb5 Bxb5 19. cxb5 O-O 20. Nd2 f5 21. Rad1 f4
22. Be1 Nge5 23. h4 Nd6 24. Qh3 Kh8 25. hxg5 Qxg5 26. Bh4 Qh6 27. Be7 Qxh3 28.
gxh3 Rg8 29. Kh1 f3 30. Bxf3 Nxb5 31. Bg2 c4 32. d6 c3 33. Nf3 c2 34. Rc1 Nc4
35. Rxc2 Ncxd6 36. Ng5 Be5 37. a4 Nd4 38. Rcf2 Rxg5 39. Bxg5 1-0

[Event "XXIV European Club Cup"]
[Site "Kallithea GRE"]
[Date "2008.10.18"]
[Round "2.3"]
[White "Garcia Palermo, Carlos Horacio"]
[Black "Palac, Mladen"]
[Result "1/2-1/2"]
[WhiteElo "2459"]
[BlackElo "2583"]
[PlyCount "53"]
[EventDate "2008.10.17"]

1. d4 Nf6 2. Nf3 d5 3. c4 e6 4. e3 a6 5. b3 b6 6. Nbd2 Bb7 7. Bb2 Nbd7 8. g3
dxc4 9. bxc4 c5 10. Bg2 Be7 11. O-O O-O 12. a4 Qc7 13. Qb1 Rfd8 14. Re1 Rab8
15. Ra2 Bc6 16. Qa1 Qb7 17. a5 bxa5 18. Rb1 cxd4 19. Bxd4 Qc7 20. Rxb8 Rxb8 21.
Rxa5 Bb7 22. Ne5 Bb4 23. Ra2 Bxg2 24. Kxg2 a5 25. Nxd7 Nxd7 26. Bc3 f6 27. Kf1
1/2-1/2